Psicodiagnosticar (Registro nro. 1246)
[ vista simple ]
| 000 -LEADER | |
|---|---|
| fixed length control field | 00568nas a22001577a 4500 |
| 008 - CAMPO DE CONTROL RECURSOS CONTINUADOS | |
| fixed length control field | 130312t20049999ag ||||| |||| 00| 0 spa d |
| 022 ## - INTERNATIONAL STANDARD SERIAL NUMBER | |
| International Standard Serial Number | 0328-2104 |
| 245 ## - TITULO | |
| Titulo | Psicodiagnosticar |
| 260 ## - PUBLICACION, DISTRIBUCION, ETC. (PIE DE IMPRENTA) | |
| Lugar de publicación, distribución, etc | Buenos Aires: |
| Nombre de la editorial, distribuidor, etc. | Asociacion Argentina de Estudio e Investigacion en Psicodiagnostico, |
| Fecha de publicación | 2004 |
| 300 ## - DESCRIPCION FISICA | |
| Extensión | v. : |
| 546 ## - NOTA DE IDIOMA | |
| Nota de lenguaje | español |
| 590 ## - NOTAS LOCALES (RLIN) | |
| Nota local | Indizada en: PSICODOC (Base de Datos Bibliográfica del Colegio Oficial de Psicólogos de Madrid) |
| 590 ## - NOTAS LOCALES (RLIN) | |
| Nota local | Existencias: 2004 14(1/122)<br/>BAJA DEPOSITO (CAJA21) MAYO 2019 |
| 650 ## - MATERIA-TERMINO TEMATICO | |
| Término temático | PSICOLOGIA |
| 9 (RLIN) | 1909 |
| 942 ## - ADDED ENTRY ELEMENTS (KOHA) | |
| Source of classification or shelving scheme | Dewey Decimal Classification |
| Item type | Continuing Resources |
No hay ítems disponibles.